00524nam a2200181Ia 4500008004100000020001800041082001400059100002900073245002300102250000600125260003900131300001600170500002400186650001200210942000700222952009600229999001700325230524s9999 xx 000 0 und d a9789382332510 a6.66bBHA aPradeep K. Bhatia942983 0aComputer Graphics  a3 aNew DelhibI.K.Internationalc2013 a"XIV,401p;" aQuantity Number: 1 aComp-Sc cBK 00104070aTATCLbTATCLcGENd2023-05-24l0o006.66 BHAp54224r2023-05-24w2023-05-24yBK c57933d57933